Ретроспективный анализ эколого-геохимической обстановки территории Томского района (Россия) и южных провинций Социалистической Республики Вьетнам: диссертация на соискание ученой степени кандидата геолого-минералогических наук; спец. 1.6.21
| Hovedforfatter: | |
|---|---|
| Institution som forfatter: | |
| Andre forfattere: | |
| Summary: | Заглавие с титульного экрана Электронная версия печатной публикации Защита сост. 18.12.2025 На правах рукописи Текстовый файл |
| Sprog: | russisk |
| Udgivet: |
Томск, 2025
|
| Fag: | |
| Online adgang: | https://earchive.tpu.ru/handle/11683/132907 |
| Format: | MixedMaterials Electronisk Bog |
| KOHA link: | https://koha.lib.tpu.ru/cgi-bin/koha/opac-detail.pl?biblionumber=682609 |
MARC
| LEADER | 00000nam0a2200000 4500 | ||
|---|---|---|---|
| 001 | 682609 | ||
| 005 | 20251101095757.0 | ||
| 090 | |a 682609 | ||
| 100 | |a 20251027d2025 k||y0rusy50 ca | ||
| 101 | 0 | |a rus | |
| 102 | |a RU | ||
| 105 | |a a m 001yy | ||
| 135 | |a drcn ---uucaa | ||
| 181 | 0 | |a i |b e | |
| 182 | 0 | |a b | |
| 183 | 0 | |a cr |2 RDAcarrier | |
| 200 | 1 | |a Ретроспективный анализ эколого-геохимической обстановки территории Томского района (Россия) и южных провинций Социалистической Республики Вьетнам |e диссертация на соискание ученой степени кандидата геолого-минералогических наук |e спец. 1.6.21 |f Ле Тхи Хонг Шанг |g науч. рук. Н. В. Барановская ; Национальный исследовательский Томский политехнический университет | |
| 203 | |a Текст |c электронный |b визуальный | ||
| 210 | 1 | |a Томск |d 2025 | |
| 215 | |a 1 файл (6,26 МБ, 187 с.) |c pdf | ||
| 283 | |2 RDAcarrier |a online_resource | ||
| 300 | |a Заглавие с титульного экрана | ||
| 300 | |a Электронная версия печатной публикации | ||
| 300 | |a Защита сост. 18.12.2025 | ||
| 320 | |a Список литературы: с. 153-187 (287 назв.) | ||
| 333 | |a На правах рукописи | ||
| 336 | |a Текстовый файл | ||
| 606 | |a Экологическая геохимия |9 85680 | ||
| 610 | 1 | |a дендрогеохимические исследования | |
| 610 | 1 | |a дендрохронологические исследования | |
| 610 | 1 | |a Томская область | |
| 610 | 1 | |a Вьетнам | |
| 610 | 1 | |a эколого-геохимическая обстановка | |
| 610 | 1 | |a годовые кольца | |
| 610 | 1 | |a деревья | |
| 610 | 1 | |a ретроспективный анализ | |
| 610 | 1 | |a ртутная нагрузка | |
| 610 | 1 | |a элементный состав | |
| 610 | 1 | |a сосна обыкновенная | |
| 610 | 1 | |a Pinus sylvestris L. | |
| 610 | 1 | |a сосна далатенская | |
| 610 | 1 | |a Pinus dalatensis Ferre | |
| 610 | 1 | |a геоэкологические исследования | |
| 610 | 1 | |a электронный ресурс | |
| 610 | 1 | |a диссертации | |
| 610 | 1 | |a труды учёных ТПУ | |
| 675 | |a 550.4 |v 4 | ||
| 686 | |2 oksvnk |a 25.00.36 | ||
| 700 | 0 | |a Ле Тхи Хонг Шанг | |
| 702 | 1 | |a Барановская |b Н. В. |c геохимик |c профессор Томского политехнического университета, доктор биологических наук |f 1970- |g Наталья Владимировна |4 727 |9 11894 | |
| 712 | 0 | 2 | |a Национальный исследовательский Томский политехнический университет |c (2009- ) |4 570 |9 26305 |
| 801 | 0 | |a RU |b 63413507 |c 20251027 |g RCR | |
| 850 | |a 63413507 | ||
| 856 | 4 | |u https://earchive.tpu.ru/handle/11683/132907 |z https://earchive.tpu.ru/handle/11683/132907 | |
| 942 | |c CF | ||